00653nam a2200193Ia 4500952013300000999001700133003000400150005001700154008004100171020001800212040000900230082001800239100002500257245007600282260003800358300000900396650001200405942004200417 00102ddc40708HISTORYaMESbMEScHISd2019-02-20g695.00l0o962.03 HAT/Bp38826r2019-02-20 00:00:00w2019-02-20yBKzGL35R1 c21805d21805OSt20200708110334.0190216s9999||||xx |||||||||||||| ||und|| a9781851683901 coclc a962.03bHAT/B aHathaway, Jane92307 0aBeshir Agha Chief Eunuch Of The Ottoman Imperial Harem /cJane Hathaway bOneworld Oxford,c2009.aEngland: a131p aHistory cBK2ddch962.03iHAT/Bk962.03mHAT/B